Fun fact to country - Statistics

General Stats
  • This quiz has been taken 175 times
  • The average score is 8 of 15
Answer Stats
Question Answer % Correct
North Korea and Norway are only separated by one country, which is... Russia
100%
Country with an ATM where Latin is ana available language Vatican City
100%
Country with more pyramids than Egypt Sudan
85%
Country with a subdivision using the unicorn as the official animal United Kingdom
69%
Biggest country with only one time zone China
62%
Country with the highest currency value Kuwait
62%
Country where Winter and Summer happen at the same time Ecuador
54%
Country where even foreigners can attend college tuition-free Germany
54%
Country that gained independence to legalize marijuana Uruguay
54%
Country with the lowest recorded temperature being 37 degrees fahrenheit Bangladesh
38%
A man from this country has won a olympic swim because everyone else cheated Equatorial Guinea
38%
Country that produces 40% of the world's soccer balls Pakistan
31%
A woman from this country brought tea to the UK Portugal
31%
Country with over 30 official languages Bolivia
15%
Country that is known for putting mayonaise on everything D.R. Congo
0%
No matching quizzes found
Score Distribution
Percent of People with Each Score
Percentile by Number Answered
Your Score History
You have not taken this quiz